200m以上の超高層建築物 - Statistics

General Stats
  • This quiz has been taken 156 times
  • The average score is 11 of 54
Answer Stats
Answer % Correct
東京スカイツリー 634.0m 2012年 東京都墨田区
99%
東京タワー 333.0m 1958年 東京都港区
98%
あべのハルカス 300.0m 2014年 大阪市阿倍野区
94%
横浜ランドマークタワー 296.33m 1993年 横浜市西区
77%
六本木ヒルズ森タワー 238.05m 2003年 東京都港区
59%
麻布台ヒルズレジデンスA 237.20m 2023年 東京都港区
59%
麻布台ヒルズ森JPタワー 325.40m 2023年 東京都港区
59%
虎ノ門ヒルズステーションタワー 265.75m 2023年 東京都港区
56%
虎ノ門ヒルズ 森タワー 255.5m 2014年 東京都港区
56%
東京都庁第一本庁舎 243.4m 1991年 東京都新宿区
56%
虎ノ門ヒルズ レジデンシャルタワー 221.55m 2022年 東京都港区
56%
サンシャイン60 239.7m 1978年 東京都豊島区
28%
SiSりんくうタワー 256.1m 1996年 大阪府泉佐野市
25%
大阪府咲洲庁舎 256.0m 1995年 大阪市住之江区
20%
渋谷スクランブルスクエア東棟 229.706m 2019年 東京都渋谷区
18%
ミッドランドスクエア 247.00m 2006年 名古屋市中村区
15%
アクトタワー 212.77m 1994年 浜松市中央区
15%
JRセントラルタワーズ ホテルタワー 226.0m 1999年 名古屋市中村区
15%
ミッドタウン・タワー 248.1m 2007年 東京都港区
11%
モード学園コクーンタワー 203.65m 2008年 東京都新宿区
10%
新宿三井ビルディング 223.6m 1974年 東京都新宿区
9%
新宿住友ビルディング 211.381m 1974年 東京都新宿区
9%
JRゲートタワー 220.0m 2017年 名古屋市中村区
8%
東京ミッドタウン八重洲 八重洲セントラルタワー 238.2m 2022年 東京都中央区
7%
新宿センタービル 222.95m 1979年 東京都新宿区
7%
新宿パークタワー 235.0m 1994年 東京都新宿区
6%
新宿野村ビル 209.9m 1978年 東京都新宿区
6%
JPタワー 200.0m 2012年 東京都千代田区
6%
東京オペラシティタワー 234.371m 1996年 東京都新宿区
5%
東急歌舞伎町タワー 225m 2023年 東京都新宿区
5%
聖路加セントルークスタワー 220.63m 1994年 東京都中央区
5%
電通本社ビル 213.337m 2002年 東京都港区
5%
JRセントラルタワーズ オフィスタワー 245.1m 1999年 名古屋市中村区
5%
NTTドコモ代々木ビル 239.85m 2000年 東京都渋谷区
5%
住友不動産六本木グランドタワーオフィス棟 230.76m 2016年 東京都港区
4%
汐留シティセンター 215.75m 2003年 東京都港区
4%
損保ジャパン本社ビル 200m 1976年 東京都新宿区
4%
The Kitahama(北浜タワー) 209.35m 2009年 大阪市中央区
4%
住友不動産東京三田ガーデンタワー 215m 2023年 東京都港区
3%
泉ガーデンタワー 200.9m 2002年 東京都港区
3%
常盤橋タワー 212.0m 2021年 東京都千代田区
2%
グラントウキョウサウスタワー 205.0m 2007年 東京都千代田区
2%
グラントウキョウノースタワー 204.9m 2007年 東京都千代田区
2%
パークシティ武蔵小杉ミッドスカイタワー 203.5m 2009年 川崎市中原区
2%
大阪ベイタワー メインタワー 200.05m 1993年 大阪市港区
2%
ザ・パークハウス 西新宿タワー60 208.97m 2017年 東京都新宿区
2%
赤坂インターシティAIR 205.08m 2017年 東京都港区
2%
G1TOWER 203m 2010年 茨城県ひたちなか市
2%
豊島清掃工場 210m 1999年 東京都豊島区
1%
東京ポートシティ竹芝 オフィスタワー 208.83m 2020年 東京都港区
1%
アークヒルズ仙石山森タワー 206.69m 2012年 東京都港区
1%
クロスタワー大阪ベイ 200.375m 2006年 大阪市港区
1%
読売新聞東京本社ビル 200m 2013年 東京都千代田区
1%
Otemachi One タワー 200m 2020年 東京都千代田区
1%
No matching quizzes found
Score Distribution
Percent of People with Each Score
Percentile by Number Answered
Your Score History
You have not taken this quiz